000 00667nam a22001937a 4500
003 OSt
005 20260129054409.0
008 260129b |||||||| |||| 00| 0 eng d
020 _a978-971-0391-34-9.
040 _aDWCL-Main lib
_cOC
082 _aFil. 371.102 R173t 2007
100 _aRamirez, Verinoca Esposo
245 _aTeaching beyond content :
_bstrategies for integrating values in high school
_cVeronica Esposo Ramirez
260 _aQuezon City :
_bGreat Books Trading
_cc2007.
300 _axii, 228 pages :
_billustration ;
_c22 cm.
504 _aIncludes bibliographical references and index.
650 _a1. Teaching.
942 _2ddc
_cBK - FIL
_kFil.
_n0
999 _c7975
_d7975